000
00262nam a2200109Ia 4500
008
190216s9999||||xx |||||||||||||| ||und||
100
_a
Sharath Kumar
245
0
_a
Sookshma Sampathikapagradanam
260
_b
Bhasha Institute
650
_a
Malayalam
942
_c
BK
999
_c
40385
_d
40385